An Index to assess areas hydrothermally suitable for rubber cultivation (Record no. 54145)

MARC details
000 -LEADER
fixed length control field 01514nam a2200229Ia 4500
100 ## - MAIN ENTRY--AUTHOR NAME
Personal name Rao P S
245 #3 - TITLE STATEMENT
Title An Index to assess areas hydrothermally suitable for rubber cultivation
260 ## - PUBLICATION, DISTRIBUTION, ETC. (IMPRINT)
Name of publisher Indian Journal of Natural Rubber Rsearach
Year of publication 1993
300 ## - PHYSICAL DESCRIPTION
Number of Pages 80-91
520 ## - SUMMARY, ETC.
Summary, etc A simple climatic index (CI) was developed, incorporating temperature and rainfall distribution, with respect to the climatic requirements of hevea brasiliensis. The climatic resources for rainfed rubber cultivation have been categorised into siz zones: 1. Highly suitable, (2) suitable, (3) moderate, (4) marginal, (5) conditional and (6) not favourable. Comparison of CI with already established commercial natural rubber growing regions elsewhere indicates that most of hte locations in India, where commercial cultivation of rubber is being undertaken, fall under zones 2 and 3. Temperature conditions along Westa caost, parts of east coast and a few locations in North-East India are more favourable for rubber cultivation than rainfall. Areas marginally or conditionally suitable for rubber cultivation in different parts of India, with irrigation and soil conservation, are reported.
650 ## - SUBJECT ADDED ENTRY--TOPICAL TERM
Topical Term Climatic requirement
650 ## - SUBJECT ADDED ENTRY--TOPICAL TERM
Topical Term Climatic suitability
650 ## - SUBJECT ADDED ENTRY--TOPICAL TERM
Topical Term Drought
650 ## - SUBJECT ADDED ENTRY--TOPICAL TERM
Topical Term Hevea brasiliensis
650 ## - SUBJECT ADDED ENTRY--TOPICAL TERM
Topical Term India
650 ## - SUBJECT ADDED ENTRY--TOPICAL TERM
Topical Term Marginal area
650 ## - SUBJECT ADDED ENTRY--TOPICAL TERM
Topical Term Rainfed cultivation
700 ## - ADDED ENTRY--PERSONAL NAME
Personal name Jayarathnam K
700 ## - ADDED ENTRY--PERSONAL NAME
Personal name Sethuraj M R
942 ## - ADDED ENTRY ELEMENTS (KOHA)
Koha item type Journals
Holdings
Withdrawn status Lost status Damaged status Not for loan Home library Current library Date acquired Serial Enumeration / chronology Koha item type
      Journals RRII Library RRII Library 17/12/2021 Volume 6, Issue 1&2 Journals